[Event "XVI Gran Hotel Bali 2017"]
[Site "Benidorm"]
[Date "2017.12.01"]
[Round "1"]
[White "Jerie, Sven"]
[Black "Moreno Ibanez, Miguel"]
[Result "0-1"]
[WhiteElo "2077"]
[BlackElo "2272"]
[Annotator "NA"]
[PlyCount "100"]
[EventDate "2017.??.??"]
[EventType "swiss"]
[EventCountry "ESP"]
[SourceTitle "playchess.com"]
[Source "ChessBase"]
[SourceQuality "1"]
[TimeControl "5400+30"]

1. e4 {[%emt 0:00:00]} c5 {[%emt 0:00:20]} 2. Nf3 {[%emt 0:00:00]} d6 {[%emt 0:00:29]} 3. d4 {[%emt 0:00:09]} cxd4 {[%emt 0:00:08]} 4. Nxd4 {[%emt 0:00:10]} Nf6 {[%emt 0:00:10]} 5. Nc3 {[%emt 0:00:27]} g6 {[%emt 0:00:41]} 6. Be3 {[%emt 0:01:10]} Bg7 {[%emt 0:00:08]} 7. f3 {[%emt 0:00:28]} a6 {[%emt 0:00:29]} 8. Qd2 {[%emt 0:01:25]} Nbd7 {[%emt 0:00:16]} 9. O-O-O {[%emt 0:07:03]} b5 {[%emt 0:00:30]} 10. Bh6 {[%emt 0:09:14]} Bxh6 {[%emt 0:01:34]} 11. Qxh6 {[%emt 0:00:07]} Bb7 {[%emt 0:00:12]} 12. h4 {[%emt 0:12:06]} Rc8 {[%emt 0:07:23]} 13. Qd2 {[%emt 0:24:52]} h5 {[%emt 0:09:02]} 14. Kb1 {[%emt 0:10:29]} Nb6 {[%emt 0:10:10]} 15. Bd3 {[%emt 0:08:15]} Nfd7 {[%emt 0:06:40]} 16. f4 {[%emt 0:01:52]} Nc4 {[%emt 0:13:06]} 17. Bxc4 {[%emt 0:00:45]} Rxc4 {[%emt 0:00:07]} 18. f5 {[%emt 0:03:25]} Rg8 {[%emt 0:03:34]} 19. Rhf1 {[%emt 0:01:31]} Ne5 {[%emt 0:00:41]} 20. fxg6 {[%emt 0:01:22]} Rxg6 {[%emt 0:03:28]} 21. Rf5 {[%emt 0:00:24]} b4 {[%emt 0:09:41]} 22. Nd5 {[%emt 0:02:36]} e6 {[%emt 0:01:39]} 23. Rxh5 {[%emt 0:00:15]} Rg8 {[%emt 0:00:37]} 24. Ne3 {[%emt 0:00:57]} Rc5 {[%emt 0:03:26]} 25. Qxb4 {[%emt 0:00:58]} Qc7 {[%emt 0:00:45]} 26. Qa4+ {[%emt 0:01:50]} Ke7 {[%emt 0:00:17]} 27. Nb3 {[%emt 0:02:58]} Rb5 {[%emt 0:01:08]} 28. Rh7 {[%emt 0:01:53]} Rg3 {[%emt 0:00:24]} 29. Qd4 {[%emt 0:00:51]} a5 {[%emt 0:00:50]} 30. Nd2 {[%emt 0:05:53]} Rb4 {[%emt 0:01:32]} 31. c4 {[%emt 0:00:15]} Qc6 {[%emt 0:02:27]} 32. Nc2 {[%emt 0:00:44]} Rb6 {[%emt 0:03:12]} 33. Qf2 {[%emt 0:00:20]} Rxb2+ {[%emt 0:00:50]} 34. Ka1 {[%emt 0:00:27]} Qa4 {[%emt 0:00:25]} 35. Rxf7+ {[%emt 0:00:25]} Nxf7 {[%emt 0:01:37]} 36. Kxb2 {[%emt 0:00:16]} Rd3 {[%emt 0:00:50]} 37. Rf1 {[%emt 0:01:21]} Ne5 {[%emt 0:00:23]} 38. Qf8+ {[%emt 0:00:51]} Kd7 {[%emt 0:00:01]} 39. Rf7+ {[%emt 0:00:48]} Nxf7 {[%emt 0:00:11]} 40. Qxf7+ {[%emt 0:00:01]} Kd8 {[%emt 0:00:32]} 41. Nf3 {[%emt 0:01:02]} Bxe4 {[%emt 0:01:27]} 42. Ng5 {[%emt 0:00:30]} Qxc4 {[%emt 0:03:03]} 43. Nxe6+ {[%emt 0:00:17]} Kc8 {[%emt 0:00:05]} 44. Qe8+ {[%emt 0:00:14]} Kb7 {[%emt 0:00:16]} 45. Qd7+ {[%emt 0:00:27]} Ka6 {[%emt 0:01:11]} 46. Nc7+ {[%emt 0:00:16]} Kb6 {[%emt 0:00:13]} 47. Qe7 {[%emt 0:01:19]} Rb3+ {[%emt 0:01:27]} 48. axb3 {[%emt 0:00:12]} Qxc2+ {[%emt 0:00:06]} 49. Ka3 {[%emt 0:00:03]} Qc1+ {[%emt 0:00:12]} 50. Ka2 {[%emt 0:00:26]} Qb1+ {[%emt 0:00:08]} 0-1

[Event "XVI Gran Hotel Bali 2017"]
[Site "Benidorm"]
[Date "2017.12.01"]
[Round "1"]
[White "Mataix Arbona, Cesar"]
[Black "Iglesias Romero, Jorge"]
[Result "0-1"]
[WhiteElo "2074"]
[BlackElo "2271"]
[Annotator "NA"]
[PlyCount "126"]
[EventDate "2017.??.??"]
[EventType "swiss"]
[EventCountry "ESP"]
[SourceTitle "playchess.com"]
[Source "ChessBase"]
[SourceQuality "1"]
[TimeControl "5400+30"]

1. d4 {[%emt 0:00:00]} c5 {[%emt 0:00:14]} 2. c3 {[%emt 0:00:25]} cxd4 {[%emt 0:01:40]} 3. cxd4 {[%emt 0:00:21]} d5 {[%emt 0:00:05]} 4. Nc3 {[%emt 0:01:59]} Nc6 {[%emt 0:00:52]} 5. Nf3 {[%emt 0:00:30]} Nf6 {[%emt 0:01:35]} 6. Bf4 {[%emt 0:05:48]} e6 {[%emt 0:01:09]} 7. e3 {[%emt 0:00:37]} Nh5 {[%emt 0:07:04]} 8. Bg5 {[%emt 0:09:23]} Qb6 {[%emt 0:00:34]} 9. Bb5 {[%emt 0:06:41]} h6 {[%emt 0:13:44]} 10. Bh4 {[%emt 0:00:30]} g5 {[%emt 0:01:31]} 11. Ne5 {[%emt 0:04:13]} Nf4 {[%emt 0:26:53]} 12. exf4 {[%emt 0:03:32]} gxh4 {[%emt 0:00:15]} 13. Qa4 {[%emt 0:11:58]} Bd7 {[%emt 0:02:00]} 14. Nxd7 {[%emt 0:02:39]} Kxd7 {[%emt 0:00:56]} 15. O-O {[%emt 0:01:11]} Bg7 {[%emt 0:05:58]} 16. Rfd1 {[%emt 0:00:31]} a6 {[%emt 0:01:36]} 17. Bxc6+ {[%emt 0:01:40]} Qxc6 {[%emt 0:00:20]} 18. Qxc6+ {[%emt 0:02:44]} Kxc6 {[%emt 0:04:58]} 19. Kf1 {[%emt 0:05:15]} b5 {[%emt 0:01:50]} 20. a4 {[%emt 0:06:18]} Rhb8 {[%emt 0:09:40]} 21. a5 {[%emt 0:04:43]} Rc8 {[%emt 0:03:03]} 22. Ke2 {[%emt 0:01:42]} Kd7 {[%emt 0:01:43]} 23. Rd3 {[%emt 0:03:18]} Rc4 {[%emt 0:02:02]} 24. Rad1 {[%emt 0:00:57]} Bf6 {[%emt 0:00:25]} 25. b3 {[%emt 0:02:53]} Rc6 {[%emt 0:01:31]} 26. Kf3 {[%emt 0:04:39]} Rac8 {[%emt 0:01:25]} 27. Na2 {[%emt 0:00:30]} Be7 {[%emt 0:00:57]} 28. f5 {[%emt 0:00:54]} Bd6 {[%emt 0:02:43]} 29. R1d2 {[%emt 0:01:42]} Rg8 {[%emt 0:01:26]} 30. fxe6+ {[%emt 0:01:17]} fxe6 {[%emt 0:00:12]} 31. Rd1 {[%emt 0:01:33]} Rcc8 {[%emt 0:01:22]} 32. g3 {[%emt 0:00:54]} Rgf8+ {[%emt 0:00:14]} 33. Ke2 {[%emt 0:01:26]} Bc7 {[%emt 0:00:28]} 34. b4 {[%emt 0:03:26]} Bd6 {[%emt 0:00:07]} 35. f4 {[%emt 0:00:46]} Rc4 {[%emt 0:00:32]} 36. Rb3 {[%emt 0:02:17]} h5 {[%emt 0:00:18]} 37. Rd2 {[%emt 0:01:04]} hxg3 {[%emt 0:00:34]} 38. hxg3 {[%emt 0:00:01]} h4 {[%emt 0:00:17]} 39. gxh4 {[%emt 0:01:42]} Bxf4 {[%emt 0:01:11]} 40. Rf3 {[%emt 0:00:16]} Rf5 {[%emt 0:00:39]} 41. Rb2 {[%emt 0:00:28]} Rxd4 {[%emt 0:00:20]} 42. Nc3 {[%emt 0:00:12]} Re5+ {[%emt 0:00:33]} 43. Kf1 {[%emt 0:00:20]} Bc1 {[%emt 0:01:36]} 44. Rc2 {[%emt 0:00:39]} Rxh4 {[%emt 0:01:42]} 45. Ne2 {[%emt 0:02:05]} Be3 {[%emt 0:00:39]} 46. Rf7+ {[%emt 0:00:40]} Kd6 {[%emt 0:00:19]} 47. Ng3 {[%emt 0:01:04]} Rf4+ {[%emt 0:00:58]} 48. Rxf4 {[%emt 0:00:20]} Bxf4 {[%emt 0:00:01]} 49. Ne2 {[%emt 0:00:12]} Be3 {[%emt 0:00:09]} 50. Rc8 {[%emt 0:00:11]} Rf5+ {[%emt 0:02:03]} 51. Ke1 {[%emt 0:00:10]} Rf7 {[%emt 0:00:18]} 52. Nc3 {[%emt 0:00:27]} Ke5 {[%emt 0:00:17]} 53. Nd1 {[%emt 0:00:23]} Ke4 {[%emt 0:01:09]} 54. Rc6 {[%emt 0:00:07]} e5 {[%emt 0:00:54]} 55. Rxa6 {[%emt 0:00:17]} d4 {[%emt 0:00:19]} 56. Re6 {[%emt 0:00:36]} Bf4 {[%emt 0:01:46]} 57. Nf2+ {[%emt 0:03:48]} Kd5 {[%emt 0:00:01]} 58. Rb6 {[%emt 0:00:35]} Bg3 {[%emt 0:00:19]} 59. a6 {[%emt 0:00:11]} Rxf2 {[%emt 0:00:28]} 60. Rxb5+ {[%emt 0:00:11]} Kc4 {[%emt 0:00:53]} 61. Ra5 {[%emt 0:00:22]} Rf7+ {[%emt 0:00:28]} 62. Ke2 {[%emt 0:00:37]} Rf2+ {[%emt 0:00:38]} 63. Kd1 {[%emt 0:00:12]} d3 {[%emt 0:00:23]} 0-1

[Event "XVI Gran Hotel Bali 2017"]
[Site "Benidorm"]
[Date "2017.12.01"]
[Round "1"]
[White "Aledo Yanguas, Javier"]
[Black "Exposito Amaro, Josue"]
[Result "0-1"]
[WhiteElo "2066"]
[BlackElo "2263"]
[Annotator "NA"]
[PlyCount "62"]
[EventDate "2017.??.??"]
[EventType "swiss"]
[EventCountry "ESP"]
[SourceTitle "playchess.com"]
[Source "ChessBase"]
[SourceQuality "1"]
[TimeControl "5400+30"]

1. e4 {[%emt 0:00:00]} e6 {[%emt 0:00:11]} 2. d4 {[%emt 0:00:00]} d5 {[%emt 0:00:10]} 3. Bd3 {[%emt 0:00:00]} dxe4 {[%emt 0:00:12]} 4. Bxe4 {[%emt 0:00:00]} Nf6 {[%emt 0:00:09]} 5. Bf3 {[%emt 0:00:00]} Nbd7 {[%emt 0:00:10]} 6. Ne2 {[%emt 0:00:15]} e5 {[%emt 0:00:10]} 7. O-O {[%emt 0:06:37]} e4 {[%emt 0:01:18]} 8. Ng3 {[%emt 0:00:43]} exf3 {[%emt 0:04:50]} 9. Re1+ {[%emt 0:01:05]} Be7 {[%emt 0:02:45]} 10. Nf5 {[%emt 0:00:15]} Ng8 {[%emt 0:05:23]} 11. b3 {[%emt 0:17:30]} Ndf6 {[%emt 0:07:08]} 12. Nxe7 {[%emt 0:06:41]} Nxe7 {[%emt 0:01:26]} 13. Ba3 {[%emt 0:00:28]} Be6 {[%emt 0:04:11]} 14. c4 {[%emt 0:01:37]} c6 {[%emt 0:01:28]} 15. Nc3 {[%emt 0:08:58]} Qa5 {[%emt 0:06:41]} 16. Nb5 {[%emt 0:09:38]} cxb5 {[%emt 0:03:52]} 17. Bxe7 {[%emt 0:00:15]} Kxe7 {[%emt 0:02:17]} 18. d5 {[%emt 0:01:13]} bxc4 {[%emt 0:03:44]} 19. dxe6 {[%emt 0:01:43]} Qd5 {[%emt 0:11:47]} 20. Qc1 {[%emt 0:05:36]} fxe6 {[%emt 0:02:17]} 21. Qf4 {[%emt 0:01:56]} Rad8 {[%emt 0:03:51]} 22. gxf3 {[%emt 0:03:31]} Kf7 {[%emt 0:07:23]} 23. Rac1 {[%emt 0:02:46]} cxb3 {[%emt 0:03:02]} 24. axb3 {[%emt 0:00:26]} Qf5 {[%emt 0:03:13]} 25. Qa4 {[%emt 0:05:19]} Rd7 {[%emt 0:01:56]} 26. Rc3 {[%emt 0:01:27]} Rhd8 {[%emt 0:03:44]} 27. Qxa7 {[%emt 0:00:51]} Nd5 {[%emt 0:00:44]} 28. Rc4 {[%emt 0:07:49]} Nf4 {[%emt 0:02:47]} 29. Kh1 {[%emt 0:00:27]} Qg5 {[%emt 0:01:21]} 30. Rg1 {[%emt 0:00:32]} Rd1 {[%emt 0:01:07]} 31. Qxb7+ {[%emt 0:00:15]} Kg8 {[%emt 0:00:47]} 0-1

[Event "XVI Gran Hotel Bali 2017"]
[Site "Benidorm"]
[Date "2017.12.02"]
[Round "2"]
[White "Fernandez Barrera, Victor"]
[Black "Alvarez Morales, Miguel"]
[Result "1-0"]
[WhiteElo "2300"]
[BlackElo "2156"]
[Annotator "TA"]
[PlyCount "47"]
[EventDate "2017.??.??"]
[EventType "swiss"]
[EventCountry "ESP"]
[SourceTitle "playchess.com"]
[Source "ChessBase"]
[SourceQuality "1"]

{[%evp 28,47,40,41,58,56,253,240,494,481,483,447,823,285,293,275,298,292,274,286,29974,29975]} 1. e4 c5 2. Nf3 e6 3. d4 cxd4 4. Nxd4 a6 5. Nc3 Qc7 6. Be2 Nf6 7. O-O d6 8. Be3 Be7 9. f4 O-O 10. Qe1 Nc6 11. Qg3 Nxd4 12. Bxd4 b5 13. a3 Bb7 14. Kh1 Kh8 {B85: Sicilian Scheveningen: 6 Be2 a6, lines with early Be3} (14... Bc6 15. Rae1 Rad8 16. Bd3 Qd7 17. Nd1 Nh5 18. Qg4 Nf6 19. Qg3 Nh5 20. Qg4 {½-½ (20) Inarkiev,E (2683)-Harikrishna,P (2738) Palma de Mallorca 2017}) 15. Rae1 {LiveBook: 3 Games} Rg8 $146 ({Predecessor:} 15... Rac8 16. Bd3 e5 17. fxe5 Nh5 18. Qf3 dxe5 19. Nd5 Bxd5 20. exd5 exd4 21. Qe4 f5 22. Qxe7 Qxe7 23. Rxe7 {0-1 (56) David,A (2553)-Kourkoulos Arditis,S (2330) Paleochora 2014}) 16. Bd3 e5 $2 {[#]} ({Black should try} 16... Nd7 $14) 17. fxe5 $18 Nh5 $2 (17... dxe5 {keeps fighting.} 18. Bxe5 (18. Qxe5 Qxe5 19. Bxe5 Rge8 $14) 18... Qd7 19. Bxf6 gxf6) 18. Qh3 dxe5 19. Qxh5 exd4 (19... f6 $142 20. Nd5 Bxd5 21. exd5 g6) 20. Nd5 $2 (20. Rxf7 {White threatens e5 and mate.} dxc3 21. e5 Bxg2+ 22. Kxg2 Qc6+ 23. Kh3) 20... Bxd5 21. exd5 {[%csl Gd3][%cal Rh5h7]} g6 {[#]} 22. Rxf7 $1 {[%csl Gh5][%cal Rf7h7][%mdl 512]} Rg7 23. Qf3 Rd8 $2 (23... Rxf7 $18 24. Qxf7 Bd6 25. Qf6+ Kg8 26. Bxg6 Rf8 27. Qe6+ Kh8) 24. Rexe7 1-0

[Event "XVI Gran Hotel Bali 2017"]
[Site "Benidorm"]
[Date "2017.12.02"]
[Round "2"]
[White "Olhovik, Andrei"]
[Black "Nuta, Dan"]
[Result "1-0"]
[WhiteElo "2299"]
[BlackElo "2153"]
[Annotator "TA"]
[PlyCount "95"]
[EventDate "2017.??.??"]
[EventType "swiss"]
[EventCountry "ESP"]
[SourceTitle "playchess.com"]
[Source "ChessBase"]
[SourceQuality "1"]

{[%evp 26,95,55,51,83,75,68,62,55,57,147,116,154,92,90,92,303,273,294,270,356,353,502,500,495,470,479,447,709,709,700,694,698,691,681,664,653,391,384,387,391,385,387,387,385,383,368,370,370,363,358,341,351,350,372,333,367,313,324,321,342,327,464,459,426,441,533,533,533,507,29984,29985]} 1. c4 c5 2. Nf3 Nf6 3. Nc3 g6 4. e4 d6 5. d4 cxd4 6. Nxd4 Bg7 7. Be2 O-O 8. Be3 a6 9. O-O b6 10. f3 Bb7 {A31: Symmetrical English: 2 Nf3 Nf6 3 d4} 11. Qd2 Nbd7 12. Rfd1 Re8 13. Bf1 Rc8 14. Rac1 {LiveBook: 30 Games} Rc7 (14... Qc7 15. Kh1 Qb8 16. b3 Red8 17. Nde2 Bc6 18. Nf4 b5 19. Nfd5 Bxd5 20. cxd5 Rc7 {1-0 (52) Mareco,S (2645)-Hambleton,A (2441) chess.com INT 2017}) 15. Nd5 Rc8 16. b4 $146 ({Predecessor:} 16. b3 h5 17. g3 Nh7 18. Qf2 {0-1 (39) Van Gorp,F-Duijn,R Apeldoorn 2001}) 16... e6 17. Nxf6+ Nxf6 (17... Bxf6 $14 18. Nb3 d5) 18. Nb3 $16 d5 19. exd5 (19. c5 $142) 19... exd5 20. c5 a5 $2 {[#]} (20... Nd7 $16) 21. cxb6 $18 axb4 22. Na5 Qe7 23. Bd4 Rc3 (23... Ba8 $142 24. Rxc8 Rxc8) 24. Rxc3 bxc3 25. Qxc3 Rc8 26. Qe1 Qd7 (26... Qxe1 $142 27. Rxe1 Nd7) 27. Nxb7 Qxb7 28. a4 Nd7 {and if ...Bxd4+ works, Black does fine.} 29. Bxg7 Kxg7 30. a5 Nxb6 31. axb6 Qxb6+ 32. Qf2 Qxf2+ 33. Kxf2 {[%mdl 4096] Endgame KRB-KR} Rc5 34. Ke3 h5 35. Bd3 Ra5 36. Rd2 Kf6 37. Kd4 Ke6 38. Rb2 Ra4+ 39. Ke3 g5 40. g3 {[%cal Bg2g3,Bg3h4][%mdl 32]} Ke5 41. Rf2 d4+ 42. Kd2 Ra2+ 43. Bc2 h4 (43... Kd5 $142 44. f4 g4) 44. Re2+ Kd5 45. gxh4 d3 46. Kxd3 {[#] Bb3+ would kill now.} Ra3+ 47. Kd2 Rxf3 (47... gxh4 $18 48. Re3 Ra2) 48. Be4+ {Precision: White = 86%, Black = 40%.} 1-0

[Event "XVI Gran Hotel Bali 2017"]
[Site "Benidorm"]
[Date "2017.12.02"]
[Round "2"]
[White "Iglesias, Jorge"]
[Black "Korneev Leskova, Svyatoslav"]
[Result "1/2-1/2"]
[WhiteElo "2291"]
[BlackElo "2121"]
[Annotator "TA"]
[PlyCount "101"]
[EventDate "2017.??.??"]
[EventType "swiss"]
[EventCountry "ESP"]
[SourceTitle "playchess.com"]
[Source "ChessBase"]
[SourceQuality "1"]

{[%evp 9,101,58,49,46,47,0,0,0,0,2,36,-21,-19,-26,37,0,65,57,54,54,47,44,86,76,81,57,64,47,39,41,41,5,47,20,47,24,30,12,12,13,26,0,7,0,0,0,0,0,0,0,7,7,50,48,71,4,3,0,0,0,49,0,0,0,0,0,0,8,83,90,93,0,0,0,0,0,0,0,0,0,0,0,0,0,0,0,0,0,0,0,0,0,0,0]} 1. Nf3 e6 2. d4 f5 3. h3 Nf6 4. g4 Bb4+ (4... d5 5. c4 c6 6. Nc3 Bd6 7. Bg5 O-O 8. e3 Qa5 9. Bxf6 Rxf6 10. gxf5 exf5 11. cxd5 Bb4 12. Qb3 cxd5 {1-0 (38) Grischuk,A (2789)-Riazantsev,A (2678) Moscow 2014}) 5. c3 Be7 6. gxf5 {A80: Holländische Verteidigung} exf5 7. Qb3 d5 8. Rg1 O-O 9. Bh6 Ne8 $146 ({Vorgänger:} 9... Nh5 10. Nbd2 Kh8 11. Bg5 Nc6 12. Bxe7 Qxe7 {0-1 (65) Giffard,N (2361)-Paci,C (2345) France 2010}) 10. c4 ({Besser ist} 10. e3 $14) 10... Kh8 $11 {[#] zielt auf ...dxc4 ab.} 11. Bf4 c6 ({Lieber} 11... dxc4 $11 12. Qxc4 Nc6) 12. cxd5 Qxd5 (12... cxd5 $11 13. e3 Qb6) 13. Qxd5 $14 cxd5 14. Nc3 Be6 15. e3 Bd6 16. Ne5 Nc6 17. Nd3 Nb4 18. Bxd6 (18. Nxb4 {looks sharper.} Bxb4 19. Rc1 Rc8 20. Be5 Kg8 21. Bd3) 18... Nxd3+ 19. Bxd3 Nxd6 20. f4 Rfe8 21. Kd2 Rac8 22. b3 Rc7 23. Rac1 Rec8 24. h4 Bf7 25. Rg5 g6 26. Ne2 Rxc1 27. Nxc1 Be8 28. Bc2 Bb5 29. Rg1 a5 30. a4 Ba6 31. Na2 Be2 {[#]} 32. Nc3 (32. Rg3 $1 $16) 32... Bf3 $11 33. Bd3 Kg7 34. Rb1 Be4 (34... Kh6 {is more complex.} 35. Rf1 Ne4+ 36. Bxe4 Bxe4 37. Nxe4 dxe4 38. Rc1 Rh8) 35. Nxe4 Nxe4+ 36. Bxe4 fxe4 $14 {[%mdl 4096] Endspiel KT-KT} 37. b4 axb4 $1 38. Rxb4 Rc7 (38... Ra8 $11 {hält das Gleichgewicht.}) 39. Rb5 $16 Rd7 40. Rb6 (40. Ke1 $16) 40... Kh6 $1 $11 {Die Stellung ist ausgeglichen.} 41. f5 $1 Kh5 42. fxg6 hxg6 43. Rf6 Rg7 44. Rf4 Rc7 45. Rf6 Rg7 46. Rf4 Rc7 47. Rf6 Rc4 48. Rd6 Kxh4 49. Rxd5 Kg4 50. Rd6 g5 51. Re6 {Precision: Weiß = 36%, Schwarz = 48%.} 1/2-1/2

[Event "XVI Gran Hotel Bali 2017"]
[Site "Benidorm"]
[Date "2017.12.02"]
[Round "2"]
[White "Ayats Llobera, Gerard"]
[Black "Goormachtigh, Johan"]
[Result "1-0"]
[WhiteElo "2285"]
[BlackElo "2150"]
[Annotator "TA"]
[PlyCount "41"]
[EventDate "2017.??.??"]
[EventType "swiss"]
[EventCountry "ESP"]
[SourceTitle "playchess.com"]
[Source "ChessBase"]
[SourceQuality "1"]

{[%evp 24,41,29,17,34,34,41,36,33,47,41,35,30,17,130,136,158,133,29998,29999]} 1. e4 c5 2. Nf3 e6 3. d4 cxd4 4. Nxd4 Nc6 5. Nc3 Qc7 6. f4 a6 7. Nxc6 bxc6 8. Bd3 d5 9. O-O Nf6 10. Qe2 Be7 11. Bd2 Bb7 12. Rae1 O-O {B46: Sicilian: Taimanov: 5 Nc3 a6} 13. Kh1 {LiveBook: 6 Games} dxe4 14. Nxe4 c5 $1 {White is slightly better.} 15. Bc3 {[#]} Nxe4 $146 ({Predecessor:} 15... Qc6 16. Nxf6+ Bxf6 17. Bxf6 gxf6 18. Bxh7+ Kh8 19. Rf3 Qxf3 20. gxf3 Kxh7 {1-0 (29) Ioseliani,N (2435)-Portisch,L (2605) Monte Carlo 1994}) 16. Bxe4 Bxe4 17. Qxe4 Rfe8 18. f5 Bf8 (18... exf5 $1 $11 {remains equal.} 19. Rxf5 (19. Qxf5 Bf8 $14) 19... Bf8 20. Qxe8 Rxe8 21. Rxe8 f6) 19. fxe6 $16 fxe6 20. Qg4 Qc8 $2 {[%mdl 8192] [#]} (20... e5 $16 21. Qe4 Bd6 22. Qd5+ Kh8) 21. Rxf8+ $1 {[%mdl 512]} 1-0

[Event "XVI Gran Hotel Bali 2017"]
[Site "Benidorm"]
[Date "2017.12.02"]
[Round "2"]
[White "Moreno Ibanez, Miguel"]
[Black "Van Herck, Marcel"]
[Result "1-0"]
[WhiteElo "2272"]
[BlackElo "2124"]
[Annotator "TA"]
[PlyCount "47"]
[EventDate "2017.??.??"]
[EventType "swiss"]
[EventCountry "ESP"]
[SourceTitle "playchess.com"]
[Source "ChessBase"]
[SourceQuality "1"]

{[%evp 11,47,0,0,-8,39,1,24,24,22,27,25,22,26,14,8,10,16,5,31,21,37,38,40,37,47,39,56,56,65,42,42,45,344,345,395,385,422,428]} 1. e4 e6 2. d4 d5 3. Nd2 Be7 4. e5 c5 5. dxc5 (5. c3 cxd4 6. cxd4 Qb6 7. Ndf3 Bb4+ 8. Bd2 Nc6 9. Bc3 Bd7 10. Qd2 f6 11. Bd3 Nge7 12. Ne2 Bxc3 13. bxc3 fxe5 14. Nxe5 Nxe5 15. dxe5 {1-0 (65) Mamedov,R (2680)-Anton Guijarro,D (2654) Kocaeli 2017}) 5... Nc6 6. Ngf3 {C03: French Tarrasch: Unusual Black 3rd moves} Bxc5 {LiveBook: 11 Games} 7. Bd3 Qc7 8. Qe2 $146 {White is slightly better.} ({Predecessor:} 8. Nb3 Nxe5 9. Nxc5 Nxf3+ 10. Qxf3 Qxc5 11. O-O Nf6 12. Qg3 Rg8 {1-0 (23) Nesse,D (1039)-Gyland,S (1236) Sandnes 2015}) 8... Nb4 9. O-O Ne7 10. Nb3 Bb6 11. Be3 Bd7 12. a3 Nxd3 13. cxd3 O-O 14. Rac1 Nc6 15. Rc3 Rac8 16. Rfc1 Ba5 17. R3c2 Bb6 18. h4 Bxe3 19. Qxe3 Qd8 20. h5 h6 21. Nc5 {[%cal Bb3c5,Bc5b7,Bb7d6][%mdl 32]} b6 $2 {[%mdl 8192] [#]} (21... Rc7 $14) 22. Nb7 $1 $18 {[%cal Rb7d8]} Qe7 23. Nd6 Rc7 24. Nd4 {Precision: White = 63%, Black = 33%.} 1-0

[Event "XVI Gran Hotel Bali 2017"]
[Site "Benidorm"]
[Date "2017.12.02"]
[Round "2"]
[White "Exposito Amaro, Josue"]
[Black "Chernikov, Vladimir"]
[Result "1-0"]
[WhiteElo "2263"]
[BlackElo "2109"]
[Annotator "TA"]
[PlyCount "93"]
[EventDate "2017.??.??"]
[EventType "swiss"]
[EventCountry "ESP"]
[SourceTitle "playchess.com"]
[Source "ChessBase"]
[SourceQuality "1"]

{[%evp 9,93,29,30,-6,-4,-31,7,-40,-39,-40,-33,-69,-71,-57,-25,-110,-96,-101,-75,-70,-73,-91,-52,-31,-3,-21,-15,-3,-9,-27,0,-12,0,0,13,13,13,14,10,10,18,12,10,20,15,12,26,20,24,24,82,76,88,93,53,59,62,63,81,86,97,98,98,98,165,165,165,158,175,175,175,175,296,175,185,177,175,168,184,68,142,143,160,165,29984,29985]} 1. e4 d6 2. Nc3 Nf6 3. f4 d5 4. e5 d4 5. exf6 (5. Nce2 Nd5 6. d3 c5 7. g3 h5 8. Nf3 Bg4 9. Bg2 e6 10. h3 Bf5 11. Nh4 Bh7 {1-0 (24) Gashimov,V (2719)-Bologan,V (2695) Mainz 2010}) 5... dxc3 {LiveBook: 18 Games} 6. bxc3 {B07: Pirc Defence: Miscellaneous Systems} exf6 7. Bc4 Bd6 8. Qh5 $146 {[%csl Gc4][%cal Rh5f7] The position is equal.} ({Predecessor:} 8. Ne2 O-O 9. O-O b6 10. d4 Bb7 11. Ng3 Qd7 {0-1 (48) Kendall,P (2033)-Kenning,P (1847) England 2015}) 8... O-O 9. Ne2 Be6 10. Bd3 {[%csl Gd3][%cal Rh5h7]} g6 11. Qf3 Nd7 12. Qxb7 (12. Nd4 $11 {keeps the balance.}) 12... Nc5 $17 13. Qf3 Qd7 {[%mdl 1024] Black has strong compensation.} 14. O-O Bg4 15. Qf2 Rfe8 16. Ng3 $1 Qc6 17. h3 Be6 18. Be2 Na4 19. Kh2 Bd5 20. Rb1 Bc5 21. d4 Nxc3 {And now ...Bd6 would win.} 22. dxc5 {Threatens to win with Rb2.} Nxb1 23. c4 Be4 24. Nxe4 Qxe4 ({Reject} 24... Rxe4 $6 25. Bf3 $16) 25. Bf3 $36 {[%mdl 2048] White has some pressure.} Qxc4 {Hoping for ...Rab8.} 26. Bxa8 Rxa8 27. Bb2 Nd2 28. Rc1 Qd3 29. Rd1 Rd8 (29... Ne4 $11 {remains equal.} 30. Rxd3 Nxf2) 30. Bxf6 $16 Nf3+ 31. Qxf3 Qxd1 32. Bxd8 Qxd8 {[%mdl 4096] Endgame KQ-KQ} 33. Qb7 $1 a5 {[#]} 34. Qa6 $1 Qb8 35. Qxa5 c6 36. Qd2 Qb5 (36... h5 $16 {was necessary.}) 37. Qd8+ $18 Kg7 38. Qd4+ Kf8 39. a4 {[%cal Ba2a4,Ba4a5][%mdl 32]} Qa6 40. a5 h5 (40... Kg8 $142) 41. Qb4 (41. Qh8+ $142 Ke7 42. Qb8) 41... Kg7 42. Qb2+ Kg8 43. Qf6 Qb5 44. Qe5 ({White should try} 44. f5 $18) 44... Qa4 {[#]} (44... Qxa5 $14 45. Qe8+ Kg7) 45. f5 $1 $16 gxf5 46. Qxf5 h4 $2 (46... Kf8 $18 47. Qf6 (47. Qxh5 Qf4+ 48. Kg1 Qe3+ 49. Kf1 Qc1+ 50. Kf2 Qd2+ 51. Kg3 Qe3+ 52. Qf3 Qe5+ 53. Qf4 Qxc5 $18) 47... h4) 47. Qg4+ {Precision: White = 59%, Black = 41%.} 1-0

[Event "XVI Gran Hotel Bali 2017"]
[Site "Benidorm"]
[Date "2017.12.02"]
[Round "2"]
[White "Serra Pages, Jordi"]
[Black "Segarra Calderer, Albert"]
[Result "1-0"]
[WhiteElo "2238"]
[BlackElo "2099"]
[Annotator "TA"]
[PlyCount "51"]
[EventDate "2017.??.??"]
[EventType "swiss"]
[EventCountry "ESP"]
[SourceTitle "playchess.com"]
[Source "ChessBase"]
[SourceQuality "1"]

{[%evp 26,51,11,5,45,29,35,16,65,60,69,75,106,14,36,-12,0,0,29,0,39,16,32,30,160,168,569,553]} 1. d4 Nf6 2. Nf3 g6 3. c4 Bg7 4. Nc3 d6 5. e4 O-O 6. Be2 e5 7. O-O Nc6 8. d5 Ne7 9. b4 Nh5 10. g3 f5 11. Ng5 Nf6 12. Bf3 {E97: King's Indian: Classical Main Line (6...e5 7 0-0 Nc6): 8 Be3 and 8 d5 Ne7, not 9 Ne1} h6 (12... fxe4 13. Ncxe4 h6 14. Ne6 Bxe6 15. dxe6 Qc8 16. Be3 Ne8 17. Bg2 Qxe6 18. Qb3 Kh7 19. b5 Nf5 {½-½ (50) Gelfand,B (2744)-Nakamura,H (2799) Khanty-Mansiysk 2015}) 13. Ne6 Bxe6 14. dxe6 {LiveBook: 11 Games. The position is equal.} Kh8 15. Rb1 Rb8 $146 ({Predecessor:} 15... Qc8 16. Nd5 Neg8 17. exf5 gxf5 18. Bb2 c6 19. e7 Rf7 {1-0 (61) Foisor,S (2281)-Tan,Z (2478) Ningbo 2013}) 16. Be3 fxe4 17. Nxe4 Nxe4 18. Bxe4 Qc8 19. Qd2 ({White should play} 19. Bxa7 $16 Ra8 20. Be3) 19... Qxe6 $11 20. Bxh6 Qxc4 21. Bg2 {Hoping for Rfc1.} Qd4 22. Qc1 $36 {[%mdl 2048] [#] And now Bxg7+ would win. White is more active.} Bxh6 23. Qxh6+ Kg8 24. Rbd1 {[%mdl 1024] White has compensation.} Qg4 (24... Qxb4 $11 {keeps the balance.} 25. Bd5+ Nxd5 26. Qxg6+ Kh8 27. Rxd5 Qc4) 25. Bh3 $16 Nf5 $2 {[#]} (25... Qc4 {is a better chance.}) 26. Qxf8+ $1 {[%mdl 512]} 1-0